000 00717nam a2200181Ia 4500
005 20251020182524.0
008 200515s9999 xx 000 0 und d
082 _a691.328/G71
100 _aGONZALES CUEVAS, Oscar ROBLES F. V., Francisco
245 0 _aAspectos fundamentales del concreto reforzado
260 _aMéxico, D.F.
260 _c1975
500 _a1 ejemplar
520 _aMuestra al lector como pueden establecerse procedimientos de diseño, así como también se describen las características y el comportamiento del concreto y del acero, condiciones para el trabajo adecuado de los mismos, recomendaciones sobre detalles de colo
650 _aCONCRETO REFORZADO
650 _aLIB
942 _cLIB
999 _c1858
_d1858